000 00334nam a2200169Ia 4500
100 _aGadkari/Prasad
650 _aE marketing
942 _cBK
366 _f20
654 _ae-marketing
245 _aE-marketing for beginners
260 _bShroff
_c2013
082 _bGAD
300 _a147
546 _aENGLISH
999 _c31491
_d31491